| 000 | 00784nam a2200217 a 4500 | ||
|---|---|---|---|
| 005 | 20260322212024.0 | ||
| 008 | data | ||
| 010 | _a77-121442 //r84 | ||
| 096 | _aWZ 100 E68c 1970 | ||
| 100 | 1 | _aColes, Robert. | |
| 245 | 1 | 0 |
_aErik H. Erikson; the growth of his work _cRobert Coles. |
| 250 | _a[1st ed.] | ||
| 260 |
_aBoston _bLittle, Brown _c 1970 |
||
| 300 |
_axxi, 440 p. : _b port. ; _c 25 cm. |
||
| 500 | _a"An Atlantic Monthly Press book." | ||
| 500 | _a"The writings of Erik H. Erikson": p. [421]-425. | ||
| 650 | 4 | _aErikson, Erik H. (Erik Homburger), 1902-. | |
| 650 | 0 | 2 |
_aPsychoanalysis _xhistory |
| 856 | 4 | 0 |
_uhttps://openlibrary.org/works/OL1961276W/Erik_H._Erikson?edition=erikheriksongrow00colerich _yOnline access from the Open Library. _zRequires free sign up. |
| 001 | data | ||
| 999 |
_c545 _d545 |
||